Catálogo
 En Linea
Vista normal Vista MARC

Entrada Término temático

Número de registros utilizados en: 3

001 - NÚMERO DE CONTROL

  • campo de control: 88898

003 - IDENTIFICADOR DEL NÚMERO DE CONTROL

  • campo de control: DO-SdBNP

005 - FECHA Y HORA DE LA ÚLTIMA TRANSACCIÓN

  • campo de control: 20260123103710.0

008 - DATOS DE LONGITUD FIJA

  • campo de control de longitud fija: 260123|| aca||aabn | a|a d

040 ## - FUENTE DE LA CATALOGACIÓN

  • Centro catalogador/agencia de origen: DO-SdBNP
  • Centro/agencia transcriptor: DO-SdBNP

150 ## - ENCABEZAMIENTO--TÉRMINO DE MATERIA

  • Término de materia o nombre geográfico como elemento de entrada: República Dominicana
  • Subdivisión general: Historia
  • Subdivisión cronológica: Independencia efímera, 1821

670 ## - FUENTE DE DATOS ENCONTRADOS

  • Cita de la fuente: Work cat.: (DO-SdBNP)60134: La independencia nacional, su proceso = National independence its process

Con tecnología Koha